Statistics for 1990 FIFA World Cup Quiz

Click here to take the quiz!

General Stats

  • This quiz has been taken 131 times
  • The average score is 20 of 24

Answer Stats

Answer % Correct
Italy
98%
Brazil
97%
Argentina
97%
Spain
96%
England
95%
West Germany
95%
United States
91%
Colombia
90%
Cameroon
89%
Netherlands
88%
Sweden
87%
South Korea
85%
Belgium
85%
Uruguay
84%
Ireland
84%
Yugoslavia
83%
Egypt
82%
Soviet Union
82%
Austria
79%
Romania
75%
Scotland
71%
Czechoslovakia
70%
Costa Rica
68%
United Arab Emirates
60%

Score Distribution

Percentile by Number Answered

Percent of People with Each Score

Your Score History

You have not taken this quiz